| 000 | 00551cam a22001451 4500 | ||
|---|---|---|---|
| 082 |
_a515.63 _bSHO _cD |
||
| 100 | 1 |
_aShorter, L. R. _939328 |
|
| 245 | 1 | 0 |
_aProblems and worked solutions in vector analysis. _cL.R Shorter |
| 260 |
_aNew York : _bDover Publications _c1961 |
||
| 300 |
_a356 p. : _billus. _c21 cm. |
||
| 500 | _a"Unabridged and unaltered republication of the work first published ... in 1931 under the former title: Introduction to vector analysis." | ||
| 526 |
_a0 _b0 _c0 _d515_630000000000000_SHO |
||
| 650 | 0 |
_aMCE _9379 |
|
| 942 |
_2ddc _cBK |
||
| 999 |
_c543830 _d543830 |
||